| 000 | 00769nam a2200289 a 4500 | ||
|---|---|---|---|
| 003 | AR-BaBNM | ||
| 005 | 20251128205938.0 | ||
| 008 | 082120s2002 ||||||||||||||000 | spa|| | ||
| 020 | _a950-04-1385-X | ||
| 040 | _cAR-BaBNM | ||
| 100 | 1 | _aSpiegelman, Art | |
| 245 | 0 | 0 |
_aMaus _bhistoria de un sobreviviente : mi padre sangra historia. 1 |
| 250 | _a2ª ed. | ||
| 260 |
_aBuenos Aires _bEmecé _c1994 |
||
| 300 |
_a159 p. _bil. |
||
| 650 | 4 | _aSEGUNDA GUERRA MUNDIAL | |
| 650 | 4 | _aLITERATURA CONTEMPORANEA | |
| 650 | 4 | _aLITERATURA POPULAR | |
| 650 | 4 | _aNAZISMO | |
| 650 | 4 | _aANTISEMITISMO | |
| 650 | 4 | _aLITERATURA ESTADOUNIDENSE | |
| 653 | _aHISTORIETAS | ||
| 655 | _aLITERATURA | ||
| 700 | 1 |
_aAira, César _etraductor |
|
| 942 | _cBK | ||
| 998 | _cMARTIN | ||
| 999 |
_c13417 _d13417 |
||